000 00750cam a2200193 a 4500
001 000005955
005 20200929151846.0
008 741014s1972 ho 001 0 spa
040 _aDO-SdBNP
_bspa
_cBNPHU
082 _a972.83
_bF395c, 1972
100 1 _aFerro, Carlos A.
_916768
245 1 3 _aEl caso de las Islas Santanilla /
_cCarlos A. Ferro.
250 _a2a ed.
260 _aTegucigalpa, Honduras :
_bOficina de Relaciones Públicas. Presidencia de Honduras,
_c1972.
300 _a159 p. ;
_c23 cm.
500 _a" Las Santanilla recuperadas; documentos relativos al reconocimiento de la soberanía hondureña": p. [123]-160.
504 _aIncluye referencias bibliográficas.
651 4 _aIslas Santanilla (Honduras{Rpara}
_xHistoria.
_916769
999 _c5751
_d5751